Boundless Sky, Transl. from Bengali (Record no. 8522)

MARC details
000 -LEADER
fixed length control field 00639nam a2200253 a 4500
020 ## - INTERNATIONAL STANDARD BOOK NUMBER
ISBN
082 00 - DEWEY DECIMAL CLASSIFICATION NUMBER
Classification number 891.448
Author Cutter TAG
100 ## - MAIN ENTRY--AUTHOR NAME
Author name Tagore, Rabindranath
245 ## - TITLE STATEMENT
Title Boundless Sky, Transl. from Bengali
260 ## - PUBLICATION, DISTRIBUTION, ETC. (IMPRINT)
Place of publication Calcutta
Name of publisher Visva Bharty Book Shop
Year of publication 1964
300 ## - PHYSICAL DESCRIPTION
Number of Pages 470p
500 ## - GENERAL NOTE
General note includes index and biblioraphy
505 2# - FORMATTED CONTENTS NOTE
Formatted contents note Notes
650 ## - SUBJECT ADDED ENTRY--TOPICAL TERM
Topical Term Bengali-Literature
650 ## - SUBJECT ADDED ENTRY--TOPICAL TERM
Topical Term Rabindra Nath Tagore
942 ## - ADDED ENTRY ELEMENTS (KOHA)
Koha item type Books
700 1# -
-- Tagore, Rabindranath
Holdings
Collection code Home library Current library Date acquired Cost, normal purchase price Full call number Accession Number Koha item type
  Henry Martyn Institute Library Henry Martyn Institute Library 07/31/2007 100.00 891.448 TAG 013180 Books
                   Copyright © 2026 | Henry Martyn Institute | Hyderabad | TS-500052 | INDIA | Implemented by hmi.edu.in
Hit-Count:

Powered by Koha